000
00323nam a22001337a 4500
008
170503b xxu||||| |||| 00| 0 eng d
020
_a
2901133049653
041
_a
eng
080
_2
13 ED
_a
343.9
100
_a
13
101
_a
SHJ
245
_a
THE AMERICAN SYSTE, OF CRIMINAL JUSTICE
_c
COLE.G.F
942
_2
udc
_c
BK
999
_c
12529
_d
12529